000 00350nam a2200169Ia 4500
100 _aFischer/Charles N
650 _aCompilers
942 _cBK
366 _f20
654 _acompiler
245 _acrafting a compiler with C
260 _bPearson Education
_c1991
082 _a5.43
_bFIS
300 _a812
546 _aENGLISH
999 _c26535
_d26535